[Event "Plzen, FSB A"]
[Site "?"]
[Date "2000.??.??"]
[Round "5"]
[White "Gschwendtner, S."]
[Black "Schwarz, M."]
[Result "1-0"]
[WhiteElo "2185"]
[BlackElo "1960"]
[PlyCount "69"]
[EventDate "2000.??.??"]
[Source "ChessBase"]
[SourceDate "1996.11.15"]

1. c4 g6 2. Nc3 Bg7 3. g3 Nf6 4. Bg2 O-O 5. e4 d6 6. Nge2 c5 7. O-O Nc6 8. d3
a6 9. a3 Rb8 10. Rb1 b5 11. cxb5 axb5 12. b4 cxb4 13. axb4 e5 14. h3 Qb6 15.
Kh2 Bb7 16. Bg5 Nd4 17. Qd2 Ra8 18. Nxd4 exd4 19. Ne2 Ra4 20. Rfc1 Rfa8 21. Rc2
Ra3 22. Rbc1 Ne8 23. h4 Rb3 24. h5 Raa3 25. Rc8 Bxc8 26. Rxc8 Kf8 27. Nf4 f6
28. Bh3 Rc3 29. Ne6+ Kf7 30. hxg6+ hxg6 31. Rxe8 Rxd3 32. Qe2 Kxe8 33. Nxg7+
Ke7 34. Qg4 Qd8 35. Qe6+ 1-0

[Event "Plzen, FSB A"]
[Site "?"]
[Date "2000.??.??"]
[Round "5"]
[White "Barton, J."]
[Black "Nielsen, T."]
[Result "1-0"]
[WhiteElo "1940"]
[BlackElo "2115"]
[PlyCount "33"]
[EventDate "2000.??.??"]
[Source "ChessBase"]
[SourceDate "1996.11.15"]

1. e4 c5 2. c3 Nf6 3. e5 Nd5 4. d4 cxd4 5. Nf3 e6 6. cxd4 Nc6 7. Bc4 Nb6 8. Bd3
d6 9. O-O dxe5 10. dxe5 Be7 11. a3 Nd5 12. Qc2 h6 13. Rd1 Qc7 14. Qe2 Bd7 15.
Be4 Nxe5 16. Bxd5 Nxf3+ 17. Bxf3 1-0

[Event "Plzen, FSB A"]
[Site "?"]
[Date "2000.??.??"]
[Round "5"]
[White "Janke, G."]
[Black "Bujnoch, R."]
[Result "0-1"]
[WhiteElo "1820"]
[BlackElo "2100"]
[PlyCount "80"]
[EventDate "2000.??.??"]
[Source "ChessBase"]
[SourceDate "1996.11.15"]

1. Nf3 c5 2. c4 g6 3. Nc3 Bg7 4. g3 Nc6 5. Bg2 e6 6. e4 Nge7 7. O-O O-O 8. Rb1
d5 9. d3 dxc4 10. dxc4 Qa5 11. Nb5 Rd8 12. Qb3 a6 13. Nc3 Nd4 14. Nxd4 cxd4 15.
Na4 b5 16. Nc5 Qc7 17. e5 Rb8 18. Qa3 b4 19. Nxa6 Qxc4 20. Nxb4 Qxb4 21. Qd3
Bxe5 22. Bd2 Qb5 23. Qa3 Bd6 24. Qf3 Bb7 25. Qf6 Bxg2 26. Kxg2 Nf5 27. Qg5 Qd5+
28. Kg1 Be7 29. Qg4 h5 30. Qd1 d3 31. Re1 Nd4 32. Re3 Ne2+ 33. Rxe2 dxe2 34.
Qxe2 Qxd2 35. Qe5 Qc2 36. Re1 Rxb2 37. Qf4 Bc5 38. Rf1 Rd2 39. Qf3 Rxf2 40.
Qa8+ Bf8 0-1

[Event "Plzen, FSB A"]
[Site "?"]
[Date "2000.??.??"]
[Round "5"]
[White "Vladyka, V."]
[Black "Vlk, M."]
[Result "1/2-1/2"]
[WhiteElo "2065"]
[BlackElo "1915"]
[PlyCount "30"]
[EventDate "2000.??.??"]
[Source "ChessBase"]
[SourceDate "1996.11.15"]

1. e4 e5 2. Nf3 Nf6 3. Nc3 Bb4 4. d3 Nc6 5. Be2 d6 6. O-O h6 7. a3 Bc5 8. h3
O-O 9. b4 Bb6 10. Bb2 Be6 11. Na4 Re8 12. Nxb6 axb6 13. c4 Ne7 14. Qc2 Ng6 15.
Rfe1 c5 1/2-1/2

[Event "Plzen, FSB A"]
[Site "?"]
[Date "2000.??.??"]
[Round "5"]
[White "Kracik, D."]
[Black "Vymetal, M."]
[Result "1/2-1/2"]
[WhiteElo "2045"]
[BlackElo "1810"]
[PlyCount "37"]
[EventDate "2000.??.??"]
[Source "ChessBase"]
[SourceDate "1996.11.15"]

1. e4 e6 2. d4 d5 3. exd5 exd5 4. c4 Nf6 5. Nf3 Be7 6. Nc3 O-O 7. Be2 Bg4 8.
O-O dxc4 9. d5 c6 10. Bxc4 cxd5 11. Nxd5 Nxd5 12. Qxd5 Nc6 13. Bf4 Qb6 14. Qe4
Bf6 15. Bd3 g6 16. Bh6 Bxf3 17. Qxf3 Bg7 18. Bxg7 Kxg7 19. Be4 1/2-1/2

[Event "Plzen, FSB A"]
[Site "?"]
[Date "2000.??.??"]
[Round "5"]
[White "Drahorad, D."]
[Black "Snaidr, J."]
[Result "1-0"]
[WhiteElo "1815"]
[BlackElo "2015"]
[PlyCount "65"]
[EventDate "2000.??.??"]
[Source "ChessBase"]
[SourceDate "1996.11.15"]

1. e4 c5 2. Nc3 Nc6 3. f4 e6 4. Nf3 Nf6 5. Bb5 Nd4 6. Bd3 Be7 7. O-O d5 8. e5
Nd7 9. Nxd4 cxd4 10. Ne2 Nc5 11. Bb5+ Bd7 12. Bxd7+ Nxd7 13. Nxd4 Qb6 14. c3
Bc5 15. Qa4 Rc8 16. d3 Bxd4+ 17. cxd4 Rc6 18. Be3 O-O 19. Rac1 Qxb2 20. Rxc6
bxc6 21. Qxa7 Nb6 22. a4 Ra8 23. Qb7 h6 24. Qxc6 Rxa4 25. Qe8+ Kh7 26. Qxf7 Ra2
27. Bf2 Na4 28. f5 Ra1 29. f6 Rxf1+ 30. Kxf1 Qb1+ 31. Ke2 Nc3+ 32. Ke3 Nd1+ 33.
Kd2 1-0

[Event "Plzen, FSB A"]
[Site "?"]
[Date "2000.??.??"]
[Round "5"]
[White "Foglar, S."]
[Black "Horyna, J."]
[Result "1-0"]
[WhiteElo "2005"]
[BlackElo "1855"]
[PlyCount "85"]
[EventDate "2000.??.??"]
[Source "ChessBase"]
[SourceDate "1996.11.15"]

1. e4 e6 2. d4 d5 3. Nd2 Nf6 4. e5 Nfd7 5. f4 c5 6. Ne2 Nc6 7. Nf3 cxd4 8.
Nexd4 Nxd4 9. Nxd4 Qb6 10. c3 Bc5 11. Be2 f6 12. b4 Bxd4 13. Qxd4 fxe5 14. fxe5
O-O 15. Rf1 Rxf1+ 16. Bxf1 a5 17. Qxb6 Nxb6 18. Be3 Nc4 19. Bxc4 dxc4 20. O-O-O
axb4 21. cxb4 b5 22. Rd8+ Kf7 23. Kb2 Kg6 24. g4 Bb7 25. Rd6 Bd5 26. Rb6 c3+
27. Kxc3 Rxa2 28. h4 h5 29. gxh5+ Kxh5 30. Rxb5 Kxh4 31. Rxd5 exd5 32. e6 Kh5
33. e7 Ra8 34. Kd4 Kg6 35. Kxd5 Kf7 36. Bc5 g5 37. b5 g4 38. b6 g3 39. Kd6 Ke8
40. Kc7 Ra1 41. b7 Rb1 42. Bb6 g2 43. b8=Q+ 1-0

[Event "Plzen, FSB A"]
[Site "?"]
[Date "2000.??.??"]
[Round "5"]
[White "Dvorak, M."]
[Black "Kamenik, M."]
[Result "0-1"]
[WhiteElo "1800"]
[BlackElo "2005"]
[PlyCount "64"]
[EventDate "2000.??.??"]
[Source "ChessBase"]
[SourceDate "1996.11.15"]

1. Nf3 f5 2. b3 d6 3. Bb2 e5 4. g3 Nf6 5. d3 Be7 6. Bg2 O-O 7. O-O c6 8. Nbd2
Na6 9. c4 c5 10. a3 Rb8 11. Bc3 h6 12. b4 b6 13. b5 Nc7 14. Nh4 Kh7 15. f4 Ng4
16. Nhf3 Ne3 17. Qc1 Bb7 18. fxe5 Nxg2 19. Kxg2 d5 20. a4 d4 21. Bb2 Bg5 22.
Qe1 Be3 23. Bc1 g5 24. a5 g4 25. axb6 axb6 26. Ra7 gxf3+ 27. exf3 Qg5 28. h4
Qg7 29. Kh2 Qxe5 30. Rf2 Rg8 31. Re2 Rg7 32. Nf1 f4 0-1

[Event "Plzen, FSB A"]
[Site "?"]
[Date "2000.??.??"]
[Round "5"]
[White "Chalupecky, V."]
[Black "Jenc, M."]
[Result "0-1"]
[WhiteElo "1970"]
[BlackElo "1790"]
[PlyCount "85"]
[EventDate "2000.??.??"]
[Source "ChessBase"]
[SourceDate "1996.11.15"]

1. e4 c5 2. Nf3 d6 3. d4 cxd4 4. Nxd4 Nf6 5. Nc3 Nc6 6. Be2 g6 7. Be3 Bg7 8.
O-O O-O 9. Nxc6 bxc6 10. f4 Qc7 11. Bf3 e6 12. Ne2 Nd7 13. Rb1 d5 14. Qd3 Rd8
15. Rfd1 Qa5 16. a3 Ba6 17. Qd2 Qc7 18. Qe1 Nb6 19. b3 Bxe2 20. Qxe2 d4 21. Bc1
c5 22. g4 Rac8 23. e5 Nd5 24. Bxd5 Rxd5 25. Bd2 Bf8 26. Be1 Kg7 27. g5 Be7 28.
c4 Rd7 29. Rd3 Rh8 30. Qg2 Rdd8 31. Bg3 h6 32. h4 Rb8 33. Be1 hxg5 34. fxg5 Rh5
35. Rf3 Rbh8 36. Bg3 Kg8 37. Rbf1 R8h7 38. Rd3 Rxh4 39. Bxh4 Rxh4 40. Rdf3 Qxe5
41. Rxf7 Qe3+ 42. Qf2 Qxg5+ 43. Qg2 0-1

[Event "Plzen, FSB A"]
[Site "?"]
[Date "2000.??.??"]
[Round "5"]
[White "Priborsky, M."]
[Black "Bantle, M."]
[Result "1-0"]
[WhiteElo "1795"]
[BlackElo "1970"]
[PlyCount "137"]
[EventDate "2000.??.??"]
[Source "ChessBase"]
[SourceDate "1996.11.15"]

1. e4 c5 2. c3 d5 3. exd5 Qxd5 4. d4 Nc6 5. Nf3 Bg4 6. Be2 e6 7. O-O cxd4 8.
cxd4 Nf6 9. Nc3 Qd8 10. Be3 Rc8 11. h3 Bh5 12. a3 Bd6 13. Qd2 O-O 14. Rfd1 Na5
15. Qc2 Nd5 16. Re1 Nxe3 17. fxe3 Bxf3 18. Bxf3 Qh4 19. Qe4 Qg3 20. Qc2 Qh2+
21. Kf1 Bg3 22. Red1 Nc4 23. Ke2 Bh4 24. b3 Nd6 25. Qd3 Qg3 26. Rf1 Rfd8 27.
Ne4 Nxe4 28. Qxe4 e5 29. Qg4 exd4 30. Qxg3 d3+ 31. Kd1 Bxg3 32. Rc1 Rxc1+ 33.
Kxc1 d2+ 34. Kc2 Be1 35. Bd1 Rc8+ 36. Kd3 Rc6 37. Rf4 g5 38. Re4 f5 39. Rb4 b6
40. Ra4 Rc7 41. Rd4 Kf7 42. Rd8 Re7 43. Rh8 Kg7 44. Rd8 h6 45. Rd5 Rf7 46. Rd6
h5 47. Bxh5 g4 48. Ke2 Rc7 49. hxg4 fxg4 50. Bxg4 Kf7 51. Rd7+ Rxd7 52. Bxd7
Kf6 53. g4 Kg5 54. Bf5 Kf6 55. e4 Kg5 56. e5 Bg3 57. e6 Bd6 58. Kxd2 Bxa3 59.
Kc3 a5 60. Kc4 Kf6 61. Kb5 Bc5 62. Kc6 Ke7 63. g5 Bd4 64. g6 Kd8 65. Kd6 Bc5+
66. Kd5 Bf8 67. Kc6 Ke7 68. Kxb6 Kf6 69. Kxa5 1-0

[Event "Plzen, FSB A"]
[Site "?"]
[Date "2000.??.??"]
[Round "5"]
[White "van Dijk, T."]
[Black "Postupa, P."]
[Result "1/2-1/2"]
[WhiteElo "2040"]
[BlackElo "2165"]
[PlyCount "110"]
[EventDate "2000.??.??"]
[Source "ChessBase"]
[SourceDate "1996.11.15"]

1. e4 e5 2. Bc4 Nf6 3. d3 Bc5 4. Nc3 d6 5. Na4 Bd4 6. c3 Bxf2+ 7. Kxf2 c6 8.
Nf3 b5 9. Re1 O-O 10. h3 bxa4 11. Qxa4 Qb6+ 12. d4 d5 13. Bd3 Re8 14. Qc2 Nbd7
15. exd5 cxd5 16. Be2 e4 17. Nh2 Qd6 18. Kg1 Bb7 19. b3 Rac8 20. Be3 Ba6 21.
Rac1 Nf8 22. Qd2 Ne6 23. c4 Bb7 24. c5 Qc7 25. b4 Rb8 26. b5 h6 27. a4 g5 28.
Rf1 Kg7 29. Bg4 Nh7 30. Bh5 Rf8 31. Bg4 Bc8 32. Bf5 f6 33. Rb1 Rf7 34. a5 a6
35. bxa6 Ra8 36. Rb6 Nhf8 37. Rfb1 Rxa6 38. Rxa6 Bxa6 39. Rb6 Bc8 40. g4 Qg3+
41. Kh1 Qxh3 42. a6 Ra7 43. Qe2 h5 44. c6 Rxa6 45. Rxa6 Bxa6 46. Qxa6 Qxe3 47.
Qb7+ Kh6 48. Qf7 Qe1+ 49. Nf1 Qxf1+ 50. Kh2 Qe2+ 51. Kh1 Qd1+ 52. Kh2 Qxd4 53.
Qg8 Qb2+ 54. Kh1 Qa1+ 55. Kh2 Qb2+ 1/2-1/2

[Event "Plzen, FSB A"]
[Site "?"]
[Date "2000.??.??"]
[Round "5"]
[White "Gritsch, C."]
[Black "Priborsky, J."]
[Result "1-0"]
[WhiteElo "2155"]
[BlackElo "1940"]
[PlyCount "99"]
[EventDate "2000.??.??"]
[Source "ChessBase"]
[SourceDate "1996.11.15"]

1. e4 e5 2. Nf3 Nc6 3. Nc3 Nf6 4. d4 exd4 5. Nd5 d6 6. Nxd4 Be7 7. Nb5 Nxd5 8.
exd5 Ne5 9. Be2 O-O 10. O-O Bf6 11. Be3 Ng6 12. Nd4 Re8 13. Re1 Be5 14. Bf1 Qf6
15. c3 Bd7 16. Qd2 h6 17. Ne2 Qd8 18. g3 Re7 19. f4 Bf6 20. Nd4 Qf8 21. Bd3
Bxd4 22. Bxd4 Rae8 23. c4 b6 24. Kf2 Bg4 25. b4 Rxe1 26. Rxe1 Ne7 27. Qc3 Bf5
28. Bxg7 Qxg7 29. Qxg7+ Kxg7 30. Bxf5 Kf6 31. Bh3 Ra8 32. g4 Ng6 33. Kg3 a5 34.
b5 Rd8 35. Bf1 Rd7 36. h4 Re7 37. Rxe7 Kxe7 38. Bd3 Nf8 39. Bf5 Kf6 40. h5 Kg7
41. g5 hxg5 42. fxg5 Kh8 43. Kg4 Kg7 44. Kf4 Kg8 45. g6 fxg6 46. hxg6 Kh8 47.
Kg5 Kg7 48. a4 Nxg6 49. Bxg6 Kf8 50. Kf6 1-0

[Event "Plzen, FSB A"]
[Site "?"]
[Date "2000.??.??"]
[Round "5"]
[White "Hallerova, E."]
[Black "Hercik, J."]
[Result "1/2-1/2"]
[WhiteElo "2150"]
[BlackElo "1950"]
[PlyCount "79"]
[EventDate "2000.??.??"]
[Source "ChessBase"]
[SourceDate "1996.11.15"]

1. d4 d5 2. Nf3 c6 3. g3 e6 4. Bg2 Bd6 5. O-O b6 6. b3 a5 7. c4 Ba6 8. Nbd2 Nf6
9. Bb2 Nbd7 10. Re1 O-O 11. e4 dxe4 12. Nxe4 Nxe4 13. Rxe4 Nf6 14. Re1 Bb4 15.
Re2 a4 16. Rc1 a3 17. Ba1 Rc8 18. Ne5 Qe8 19. Nd3 Be7 20. Qd2 c5 21. d5 Rd8 22.
dxe6 fxe6 23. Qe3 Bc8 24. Bh3 Rf7 25. Ne5 Rf8 26. Bg2 Rd6 27. h3 Kh8 28. Rce1
Ng8 29. Ng4 Bf6 30. Ne5 Nh6 31. g4 Nf7 32. f4 Bxe5 33. fxe5 Rd8 34. g5 Qe7 35.
h4 Bb7 36. Bh3 Rde8 37. Bc3 Nd8 38. Rf1 Rxf1+ 39. Kxf1 Kg8 40. Ke1 1/2-1/2

[Event "Plzen, FSB A"]
[Site "?"]
[Date "2000.??.??"]
[Round "5"]
[White "Polak, B."]
[Black "Jenicek, J."]
[Result "1/2-1/2"]
[WhiteElo "2005"]
[BlackElo "2135"]
[PlyCount "91"]
[EventDate "2000.??.??"]
[Source "ChessBase"]
[SourceDate "1996.11.15"]

1. Nf3 Nf6 2. b3 c5 3. Bb2 Nc6 4. e3 d5 5. Bb5 Bd7 6. O-O e6 7. Bxc6 Bxc6 8.
Ne5 Bb5 9. d3 Bd6 10. c4 Ba6 11. Nd2 O-O 12. Rc1 Rc8 13. Ng4 Nd7 14. e4 f5 15.
exf5 exf5 16. Qf3 Qc7 17. Qxd5+ Kh8 18. Ne3 Bxh2+ 19. Kh1 Be5 20. Bxe5 Nxe5 21.
Nf3 Nxf3 22. Qxf3 b6 23. Nd5 Bb7 24. Nxc7 Bxf3 25. Nb5 Bb7 26. Nd6 Rc7 27. Rfe1
Bc6 28. Re5 Rd7 29. Nxf5 Rxd3 30. Rce1 g6 31. Ne7 Bb7 32. Nd5 Kg7 33. Re7+ Kh6
34. Rxb7 Rxf2 35. Ree7 Kg5 36. Rxh7 Rdd2 37. Rbe7 Rxg2 38. Re5+ Kg4 39. Re4+
Kf5 40. Rf4+ Kg5 41. Rf1 Rxa2 42. Rg1 Rxg1+ 43. Kxg1 Rb2 44. Rh3 Kg4 45. Re3 g5
46. Re7 1/2-1/2

[Event "Plzen, FSB A"]
[Site "?"]
[Date "2000.??.??"]
[Round "5"]
[White "Balcar, M."]
[Black "Sladek, J."]
[Result "1-0"]
[WhiteElo "1955"]
[BlackElo "2125"]
[PlyCount "110"]
[EventDate "2000.??.??"]
[Source "ChessBase"]
[SourceDate "1996.11.15"]

1. e4 d5 2. exd5 Nf6 3. d4 Qxd5 4. Nc3 Qa5 5. Nf3 Bg4 6. Be2 c6 7. O-O e6 8.
Re1 Bd6 9. Ne5 Bxe2 10. Qxe2 Qc7 11. Bg5 Nbd7 12. Rad1 Nb6 13. Qf3 O-O-O 14.
Bxf6 gxf6 15. Qxf6 Rdf8 16. Ne4 Be7 17. Qf3 f6 18. Nd3 Nd7 19. Nf4 f5 20. Ng3
Qa5 21. Nxe6 Rf7 22. Qb3 f4 23. Nf1 Qf5 24. Qd3 Qh5 25. Nxf4 Qh6 26. Ne6 Bd6
27. Qh3 Qf6 28. f3 Kb8 29. c4 b6 30. Qh5 Kb7 31. Qg5 Bb4 32. Qxf6 Rxf6 33. Re2
Rg8 34. a3 Bd6 35. Nd2 Rh6 36. g3 Kc8 37. Rde1 Rhg6 38. Kf2 h5 39. d5 Ne5 40.
dxc6 Nd3+ 41. Kf1 Bxg3 42. Ne4 Be5 43. N4g5 Nxe1 44. Rxe5 Nd3 45. Re3 Nxb2 46.
f4 Nxc4 47. Rd3 Na5 48. c7 Nc6 49. h4 Re8 50. Rd6 Kb7 51. Kf2 Ne7 52. Rd8 Rgg8
53. Nf7 Nc8 54. f5 Rxe6 55. fxe6 Rg4 1-0

[Event "Plzen, FSB A"]
[Site "?"]
[Date "2000.??.??"]
[Round "5"]
[White "Kafka, L."]
[Black "Pokrupa, M."]
[Result "0-1"]
[WhiteElo "1925"]
[BlackElo "2085"]
[PlyCount "40"]
[EventDate "2000.??.??"]
[Source "ChessBase"]
[SourceDate "1996.11.15"]

1. e4 c5 2. Nf3 Nc6 3. d4 cxd4 4. Nxd4 g6 5. c4 Bg7 6. Be3 Nf6 7. Nc3 O-O 8.
Be2 b6 9. O-O Bb7 10. f3 e6 11. Ndb5 d5 12. exd5 exd5 13. cxd5 Nb4 14. d6 Nfd5
15. Nxd5 Nxd5 16. Bd4 Qg5 17. Rf2 Nf4 18. Kf1 Nxe2 19. Qxe2 Ba6 20. Be5 Qxe5
0-1

[Event "Plzen, FSB A"]
[Site "?"]
[Date "2000.??.??"]
[Round "5"]
[White "Hajek, J."]
[Black "Geiger, L."]
[Result "1-0"]
[WhiteElo "2075"]
[BlackElo "1900"]
[PlyCount "47"]
[EventDate "2000.??.??"]
[Source "ChessBase"]
[SourceDate "1996.11.15"]

1. e4 c5 2. Nf3 Nc6 3. Bb5 e6 4. Bxc6 bxc6 5. d3 d5 6. Nc3 Qc7 7. O-O Rb8 8. b3
g6 9. Bb2 Bg7 10. Nxd5 cxd5 11. Bxg7 Bb7 12. Bxh8 f6 13. exd5 Bxd5 14. Re1 Kf7
15. c4 Bb7 16. Qe2 Re8 17. Ne5+ fxe5 18. Qxe5 Qxe5 19. Bxe5 Rd8 20. Re3 Ne7 21.
g4 Nc6 22. Bc3 Bc8 23. Rf3+ Kg8 24. Re1 1-0

[Event "Plzen, FSB A"]
[Site "?"]
[Date "2000.??.??"]
[Round "5"]
[White "Kalista, K."]
[Black "Decka, E."]
[Result "0-1"]
[WhiteElo "1860"]
[BlackElo "2065"]
[PlyCount "96"]
[EventDate "2000.??.??"]
[Source "ChessBase"]
[SourceDate "1996.11.15"]

1. d4 Nf6 2. Bg5 e6 3. e3 c5 4. c3 cxd4 5. exd4 d5 6. Nf3 Be7 7. Ne5 O-O 8. Bd3
Ne4 9. Bxe7 Qxe7 10. O-O f6 11. Nf3 Nc6 12. Nbd2 Nxd2 13. Qxd2 e5 14. dxe5 fxe5
15. Bc2 Be6 16. Ng5 g6 17. h4 Rad8 18. Nxe6 Qxe6 19. h5 e4 20. hxg6 hxg6 21.
Rae1 Ne5 22. Qg5 Rde8 23. f3 exf3 24. Bxg6 Qb6+ 25. Kh2 Nxg6 26. Qxd5+ Kh8 27.
Rxe8 Rxe8 28. Rxf3 Qc7+ 29. Kg1 Re1+ 30. Kf2 Qe7 31. Qd4+ Qe5 32. Rf7 Re2+ 33.
Kf1 Qxd4 34. cxd4 Rxb2 35. d5 Kg8 36. Rf6 Kg7 37. Rd6 Ne5 38. Re6 Nc4 39. d6
Rd2 40. Re7+ Kf6 41. Rxb7 Rxa2 42. d7 Ke7 43. g4 Ne3+ 44. Ke1 Nxg4 45. Kd1 Ne5
46. Kc1 Nxd7 47. Kb1 Ra6 48. Kc2 Kd6 0-1

[Event "Plzen, FSB A"]
[Site "?"]
[Date "2000.??.??"]
[Round "5"]
[White "Vymazal, B."]
[Black "Hoff, T."]
[Result "0-1"]
[WhiteElo "1830"]
[BlackElo "2050"]
[PlyCount "100"]
[EventDate "2000.??.??"]
[Source "ChessBase"]
[SourceDate "1996.11.15"]

1. e4 g6 2. d4 Bg7 3. Nc3 d6 4. Be3 Nf6 5. f3 Nc6 6. Qd2 e5 7. d5 Nb4 8. a3 Na6
9. Bxa6 bxa6 10. Nge2 O-O 11. g4 h5 12. gxh5 Nxh5 13. Ng3 Nf4 14. O-O-O Qh4 15.
Kb1 Bh3 16. Bf2 Qf6 17. Rhg1 Kh7 18. Nge2 Rfb8 19. Rg3 Bd7 20. Rh1 Nh5 21. Rgg1
Bh3 22. Qd3 Nf4 23. Nxf4 exf4 24. Ka2 Rb7 25. Be1 Rab8 26. b3 a5 27. Bd2 Bd7
28. a4 Rb4 29. Rb1 Rd4 30. Qe2 Rxd2 31. Qxd2 Qxc3 32. Qxc3 Bxc3 33. h4 Kg7 34.
Rbg1 Rg8 35. Kb1 c6 36. Rd1 c5 37. Rd3 Bf6 38. Rd2 Rh8 39. Rdh2 Bc3 40. Rg2 Rh5
41. Rg5 Kh6 42. Rg2 f6 43. Rhg1 g5 44. hxg5+ fxg5 45. Kc1 Bd4 46. Re1 Rh3 47.
Kd2 Rxf3 48. Rh1+ Rh3 49. Rgh2 Rxh2+ 50. Rxh2+ Kg6 0-1

[Event "Plzen, FSB A"]
[Site "?"]
[Date "2000.??.??"]
[Round "5"]
[White "Kovarik, J."]
[Black "Hampek, M."]
[Result "1-0"]
[WhiteElo "2010"]
[BlackElo "1835"]
[PlyCount "80"]
[EventDate "2000.??.??"]
[Source "ChessBase"]
[SourceDate "1996.11.15"]

1. Nf3 Nf6 2. c4 d6 3. g3 g6 4. Bg2 Bg7 5. O-O c5 6. d4 cxd4 7. Nxd4 O-O 8. Nc3
Nbd7 9. Nf3 a6 10. Be3 Nc5 11. Rc1 Bd7 12. Qd2 Rb8 13. Bh6 b5 14. Bxg7 Kxg7 15.
cxb5 axb5 16. b4 Ne6 17. Nd4 Qb6 18. e3 Rfc8 19. Nce2 h6 20. h3 Kh7 21. Kh2 Kg7
22. f4 Nxd4 23. Nxd4 Rxc1 24. Rxc1 Rc8 25. g4 Qa6 26. Rxc8 Qxc8 27. Bf1 Qa6 28.
Qb2 e5 29. fxe5 dxe5 30. Nf3 e4 31. Nd4 Qd6+ 32. Kg2 Qd5 33. a3 h5 34. gxh5
Qxh5 35. Kg3 Qg5+ 36. Kf2 Qh4+ 37. Ke2 Bg4+ 38. Kd2 Qf2+ 39. Be2 Bxh3 40. Nxb5
Bf1 1-0

[Event "Plzen, FSB A"]
[Site "?"]
[Date "2000.??.??"]
[Round "5"]
[White "Racek, J."]
[Black "Barton, O."]
[Result "1-0"]
[WhiteElo "2130"]
[BlackElo "1940"]
[PlyCount "89"]
[EventDate "2000.??.??"]
[Source "ChessBase"]
[SourceDate "1996.11.15"]

1. d4 Nf6 2. c4 d5 3. cxd5 Nxd5 4. e4 Nb6 5. Nc3 g6 6. a4 a5 7. Bb5+ c6 8. Be2
Bg7 9. Nf3 Bg4 10. Be3 N8d7 11. O-O Bxf3 12. Bxf3 e5 13. dxe5 Nc4 14. e6 fxe6
15. Bc1 O-O 16. Qb3 Nde5 17. Be2 Nb6 18. Be3 Ned7 19. Qxe6+ Kh8 20. Rad1 Qc7
21. Bd4 Bxd4 22. Rxd4 Rae8 23. Qd6 Qxd6 24. Rxd6 Nc5 25. f3 Rd8 26. Rxd8 Rxd8
27. Rd1 Rxd1+ 28. Bxd1 Nc4 29. b3 Nd2 30. Kf2 Ndxb3 31. Ke3 Kg7 32. e5 Kf7 33.
f4 Ke7 34. g4 h6 35. f5 g5 36. Bc2 Kd7 37. Bd1 Ke7 38. Bc2 Kd7 39. h3 Ke7 40.
Bd1 Kd7 41. Be2 Nxa4 42. Nxa4 b5 43. Nc3 Ke7 44. Nxb5 cxb5 45. Bxb5 1-0

[Event "Plzen, FSB A"]
[Site "?"]
[Date "2000.??.??"]
[Round "5"]
[White "Ceplecha, T."]
[Black "Grosse_Honebrink, B."]
[Result "1-0"]
[WhiteElo "2005"]
[BlackElo "2005"]
[PlyCount "87"]
[EventDate "2000.??.??"]
[Source "ChessBase"]
[SourceDate "1996.11.15"]

1. c4 Nf6 2. Nc3 g6 3. d4 d5 4. cxd5 Nxd5 5. e4 Nxc3 6. bxc3 Bg7 7. Be3 c5 8.
Qd2 O-O 9. Bc4 Nc6 10. Ne2 Qa5 11. Rd1 Rd8 12. O-O Ne5 13. Bd5 e6 14. dxe5 exd5
15. Nf4 Bg4 16. Rb1 dxe4 17. Qc2 b6 18. c4 Bxe5 19. h3 Bd7 20. Qxe4 Re8 21. Qf3
Qxa2 22. Rbc1 Rac8 23. h4 Qb2 24. Nd3 Bc6 25. Qg4 f5 26. Qg5 Qb3 27. Nxe5 Rxe5
28. Qf6 Rxe3 29. fxe3 Qxe3+ 30. Kh1 Qe4 31. Qg5 Rf8 32. Rfe1 Qd3 33. h5 Qh3+
34. Kg1 Qxh5 35. Qxh5 gxh5 36. Ra1 Rf7 37. Re6 Be4 38. Rh6 Rg7 39. Ra2 Bf3 40.
Kf1 Bg4 41. Rd6 Re7 42. Kf2 f4 43. Rf6 Be6 44. Re2 1-0

[Event "Plzen, FSB A"]
[Site "?"]
[Date "2000.??.??"]
[Round "6"]
[White "Gross, S."]
[Black "Vavra, P."]
[Result "1/2-1/2"]
[WhiteElo "2355"]
[BlackElo "2390"]
[PlyCount "27"]
[EventDate "2000.??.??"]
[Source "ChessBase"]
[SourceDate "1996.11.15"]

1. e4 c5 2. Nf3 Nc6 3. d4 cxd4 4. Nxd4 Qb6 5. Nb3 Nf6 6. Nc3 e6 7. Bd3 Be7 8.
O-O d6 9. Be3 Qc7 10. f4 a6 11. Qf3 O-O 12. a4 b6 13. g4 Nd7 14. Qh3 1/2-1/2

[Event "Plzen, FSB A"]
[Site "?"]
[Date "2000.??.??"]
[Round "6"]
[White "Vokac, M."]
[Black "Neuman, P."]
[Result "1-0"]
[WhiteElo "2520"]
[BlackElo "2330"]
[PlyCount "52"]
[EventDate "2000.??.??"]
[Source "ChessBase"]
[SourceDate "1996.11.15"]

1. d4 d6 2. c4 e5 3. Nc3 Nd7 4. Nf3 Ngf6 5. e4 g6 6. Be2 Bg7 7. O-O O-O 8. Re1
Re8 9. Bf1 h6 10. Rb1 a5 11. dxe5 dxe5 12. a3 Nh7 13. b4 axb4 14. axb4 c6 15.
Be3 Ndf8 16. Qxd8 Rxd8 17. Bb6 Re8 18. Ra1 Bg4 19. Nd2 Nd7 20. Be3 Bf8 21. c5
b6 22. b5 Rxa1 23. Rxa1 Rc8 24. cxb6 c5 25. Nc4 Rb8 26. Ra7 Nhf6 1-0

[Event "Plzen, FSB A"]
[Site "?"]
[Date "2000.??.??"]
[Round "6"]
[White "Michalek, J."]
[Black "Votava, J."]
[Result "1/2-1/2"]
[WhiteElo "2320"]
[BlackElo "2505"]
[PlyCount "24"]
[EventDate "2000.??.??"]
[Source "ChessBase"]
[SourceDate "1996.11.15"]

1. e4 c6 2. d4 d5 3. exd5 cxd5 4. c4 Nf6 5. Nc3 e6 6. Nf3 Be7 7. cxd5 Nxd5 8.
Bd3 Nc6 9. O-O O-O 10. Re1 Ncb4 11. Bb1 Nf6 12. Ne5 Nc6 1/2-1/2

[Event "Plzen, FSB A"]
[Site "?"]
[Date "2000.??.??"]
[Round "6"]
[White "Konopka, M."]
[Black "Jirka, J."]
[Result "1-0"]
[WhiteElo "2450"]
[BlackElo "2300"]
[PlyCount "81"]
[EventDate "2000.??.??"]
[Source "ChessBase"]
[SourceDate "1996.11.15"]

1. d4 d5 2. Nf3 Nf6 3. c4 c6 4. Qc2 g6 5. Bf4 Bf5 6. Qb3 Qb6 7. e3 Nbd7 8. h3
Bg7 9. Nc3 O-O 10. Be2 Qxb3 11. axb3 Bc2 12. Ra3 a6 13. O-O Rac8 14. g4 b5 15.
Rxa6 b4 16. Na4 Bxb3 17. Nd2 Ra8 18. Rxa8 Rxa8 19. Nxb3 Rxa4 20. c5 Ra2 21. Rb1
Nf8 22. Nc1 Ra8 23. Nd3 b3 24. Nc1 N6d7 25. Nxb3 e5 26. dxe5 Ne6 27. Nd4 Nxe5
28. Bxe5 Bxe5 29. Nxc6 Bf6 30. b4 Rc8 31. Na5 Rb8 32. c6 Bc3 33. Nb7 d4 34. Bc4
dxe3 35. Bxe6 exf2+ 36. Kf1 fxe6 37. Nd6 Be5 38. c7 Bxd6 39. cxb8=Q+ Bxb8 40.
Kxf2 Bc7 41. b5 1-0

[Event "Plzen, FSB A"]
[Site "?"]
[Date "2000.??.??"]
[Round "6"]
[White "Cernousek, L."]
[Black "Cvek, R."]
[Result "1/2-1/2"]
[WhiteElo "2255"]
[BlackElo "2405"]
[PlyCount "65"]
[EventDate "2000.??.??"]
[Source "ChessBase"]
[SourceDate "1996.11.15"]

1. e4 c5 2. Nf3 Nc6 3. d4 cxd4 4. Nxd4 Nf6 5. Nc3 d6 6. Bc4 Qb6 7. Nb3 e6 8.
O-O a6 9. a4 Be7 10. Bd3 Bd7 11. Be3 Qc7 12. a5 Ne5 13. Bb6 Qc8 14. f4 Nxd3 15.
Qxd3 O-O 16. e5 dxe5 17. fxe5 Nd5 18. Nxd5 exd5 19. Qxd5 Be6 20. Qe4 Bxb3 21.
cxb3 Bc5+ 22. Kh1 Bxb6 23. axb6 Qe6 24. Qxb7 Rab8 25. Qxa6 Rxb6 26. Qc4 Rxb3
27. Qxe6 fxe6 28. Rxf8+ Kxf8 29. h4 Rxb2 30. Ra8+ Kf7 31. h5 Rb5 32. Ra7+ Kg8
33. Ra8+ 1/2-1/2

[Event "Plzen, FSB A"]
[Site "?"]
[Date "2000.??.??"]
[Round "6"]
[White "Lechtynsky, J."]
[Black "Mikuev, E."]
[Result "1/2-1/2"]
[WhiteElo "2405"]
[BlackElo "2225"]
[PlyCount "40"]
[EventDate "2000.??.??"]
[Source "ChessBase"]
[SourceDate "1996.11.15"]

1. Nf3 c5 2. c4 Nc6 3. Nc3 e5 4. e3 Nf6 5. d4 cxd4 6. exd4 e4 7. Nd2 Bb4 8. a3
Bxc3 9. bxc3 O-O 10. Be2 d5 11. Nf1 dxc4 12. Bxc4 Na5 13. Ba2 b6 14. Bg5 Be6
15. d5 Bxd5 16. Bxf6 Qxf6 17. Bxd5 Qxc3+ 18. Ke2 Qb2+ 19. Ke1 Qc3+ 20. Ke2 Qb2+
1/2-1/2